Подробности
| 000 -МАРКЕР |
| контрольное поле |
01984nam0a2200373 4500 |
| 001 - ИДЕНТИФИКАТОР ЗАПИСИ |
| контрольное поле |
RU\NLR\bibl\1473972 |
| 005 - ИДЕНТИФИКАТОР ВЕРСИИ |
| контрольное поле |
20260607073245.0 |
| 010 ## - МЕЖДУНАРОДНЫЙ СТАНДАРТНЫЙ НОМЕР КНИГИ (ISBN) |
| Номер (ISBN) |
978-5-88648-659-3 |
| Тираж |
300 |
| 021 ## - НОМЕР ГОСУДАРСТВЕННОЙ РЕГИСТРАЦИИ |
| Код страны |
Российская Федерация |
| Номер |
2009-103577 |
| Номер Листа государственной регистраци |
6596 |
| 035 ## - ДРУГИЕ СИСТЕМНЫЕ НОМЕРА |
| Идентификатор записи |
(NLR Aleph) 001465646 |
| 100 ## - ДАННЫЕ ОБЩЕЙ ОБРАБОТКИ |
| Данные общей обработки |
20100216d2009 |||y0rusy50 ca |
| 101 0# - ЯЗЫК РЕСУРСА |
| Язык текста, звукозаписи и т.д. |
русский |
| 102 ## - СТРАНА ПУБЛИКАЦИИ ИЛИ ПРОИЗВОДСТВА |
| Страна публикации |
Российская Федерация |
| 105 ## - ПОЛЕ КОДИРОВАННЫХ ДАННЫХ: ТЕКСТОВЫЕ МАТЕРИАЛЫ, МОНОГРАФИЧЕСКИЕ |
| Кодированные данные о монографическом текстовом документе |
a ||||||||| |
| 200 1# - ЗАГЛАВИЕ И СВЕДЕНИЯ ОБ ОТВЕТСТВЕННОСТИ |
| Основное заглавие |
Роман Дж.Д. Сэлинджера "Над пропастью во ржи" и его переводы на русский язык |
| Первые сведения об ответственности |
Денис Иванович Петренко |
| Последующие сведения об ответственности |
[Ставропол. гос. ун-т] |
| 210 ## - ПУБЛИКАЦИЯ, РАСПРОСТРАНЕНИЕ И ДР. |
| Место издания, распространения и т.д. |
Ставрополь |
| Имя издателя, распространителя и т. д. |
Изд-во Ставропольского государственного университета |
| Дата издания, распространения и т.д. |
2009 |
| 215 ## - ФИЗИЧЕСКАЯ ХАРАКТЕРИСТИКА |
| Специфическое обозначение материала и объем |
237 с. |
| Другие сведения о физической характеристике |
ил. |
| Размеры |
21 |
| 225 1# - СЕРИЯ |
| Основное заглавие серии |
Филологическая книга СГУ |
| 320 ## - ПРИМЕЧАНИЯ О НАЛИЧИИ В ДОКУМЕНТЕ БИБЛИОГРАФИИ / УКАЗАТЕЛЯ |
| Текст примечания |
Библиогр.: с. 221-237 |
| 500 10 - УНИФИЦИРОВАННОЕ ЗАГЛАВИЕ |
| Связь между полями |
z22702 |
| Унифицированное заглавие |
Над пропастью во ржи |
| 604 ## - ИМЯ И ЗАГЛАВИЕ КАК ПРЕДМЕТ |
| Связываемые данные |
700#1$aСэлинджер$gДжером Дейвид$bД. Д.$f1919 - 2010 |
| -- |
50010$a"Над пропастью во ржи"$xПереводы на русский язык$2nlr_sh2$3RU\NLR\AUTH\661529000 |
| Идентификатор авторитетной/нормативной записи |
RU\NLR\AUTH\661529000 |
| Имя лица |
Сэлинджер, Джером Дейвид (1919 - 2010) |
| Заглавие |
"Над пропастью во ржи" |
| Тематический подзаголовок |
Переводы на русский язык |
| Системный номер авторитетной/нормативной записи |
2586939 |
| 606 1# - НАИМЕНОВАНИЕ ТЕМЫ КАК ПРЕДМЕТ |
| Наименование темы |
Русская советская литература |
| Тематический подзаголовок |
Связи |
| -- |
Американская литература |
| Системный номер авторитетной/нормативной записи |
2459548 |
| Идентификатор авторитетной/нормативной записи |
RU\NLR\auth\661461609 |
| 686 ## - ИНДЕКСЫ ДРУГИХ КЛАССИФИКАЦИЙ |
| Индекс |
Ш5(2=Р)7-318.3 |
| 686 ## - ИНДЕКСЫ ДРУГИХ КЛАССИФИКАЦИЙ |
| Индекс |
Ш5(7США)6-4Сэлинджер418.7 |
| 700 #1 - ИМЯ ЛИЦА - ПЕРВИЧНАЯ ОТВЕТСТВЕННОСТЬ |
| Начальный элемент ввода |
Петренко |
| Часть имени, кроме начального элемента ввода |
Д. И. |
| Расширение инициалов личного имени |
Денис Иванович |
| Код отношения |
Автор |
| 702 #1 - ИМЯ ЛИЦА - ВТОРИЧНАЯ ОТВЕТСТВЕННОСТЬ |
| Код отношения |
Прочие |
| Графика поля |
Кириллица |
| Материалы, к которым относится поле |
rus |
| Начальный элемент ввода |
Сэлинджер |
| Часть имени, кроме начального элемента ввода |
Д. Д. |
| Даты |
1919-2010 |
| Расширение инициалов личного имени |
Джером Дейвид |
| Системный номер авторитетной/нормативной записи |
114694 |
| Идентификатор авторитетной/нормативной записи |
RU\NLR\auth\774717 |
| 801 #0 - ИСТОЧНИК ЗАПИСИ |
| Страна |
Российская Федерация |
| Организация |
NLR |
| Дата составления |
20100216 |
| Правила каталогизации |
RCR |
| 801 #1 - ИСТОЧНИК ЗАПИСИ |
| Страна |
Российская Федерация |
| Организация |
NLR |
| Дата составления |
20100216 |
| 942 ## - ДОПОЛНИТЕЛЬНЫЕ ЭЛЕМЕНТЫ ЗАПИСИ (АБИС) |
| Тип экземпляра АБИС |
Книга |
| 980 ## - КОЛЛЕКЦИЯ |
| Название коллекции |
Национальная библиография |
| 980 ## - КОЛЛЕКЦИЯ |
| Название коллекции |
НБР |